Administrative law (Record no. 32522)
[ view plain ]
| 000 -LEADER | |
|---|---|
| fixed length control field | 00470nam a2200181Ia 4500 |
| 008 - FIXED-LENGTH DATA ELEMENTS--GENERAL INFORMATION | |
| fixed length control field | 230917s9999||||xx |||||||||||||| ||und|| |
| 020 ## - ISBN | |
| Price | RS550 |
| 040 ## - CATALOGING SOURCE | |
| -- | 257432 |
| Original cataloging agency | VIVEKANANDA LIBRARY |
| 041 ## - Language | |
| -- | English |
| 082 ## - DDC NUMBER | |
| Classification number | 342 U1A(11) |
| 100 ## - MAIN ENTRY--PERSONAL NAME | |
| Personal name | Upadhyaya, J J R |
| 245 #0 - TITLE STATEMENT | |
| Title | Administrative law |
| 250 ## - EDITION STATEMENT | |
| Edition statement | 11th ed. |
| 260 ## - PUBLICATION, DISTRIBUTION, ETC. (IMPRINT) | |
| Place of publication, distribution, etc | Allahabad |
| Name of publisher, distributor, etc | Central Law Agency |
| Date of publication, distribution, etc | 2019 |
| 300 ## - PHYSICAL DESCRIPTION | |
| Pages | xlviii, 622 p. |
| 500 ## - GENERAL NOTE | |
| General note | 3584 19/08/2019 IBS19/75 04/09/2019 Main Budget |
| 942 ## - ADDED ENTRY ELEMENTS (KOHA) | |
| Koha item type | Books |
| Withdrawn status | Lost status | Damaged status | Not for loan | Location (home branch) | Sublocation or collection (holding branch) | Date acquired | Koha issues (times borrowed) | Koha full call number | Accession No. | Koha date last seen | Koha item type |
|---|---|---|---|---|---|---|---|---|---|---|---|
| VIVEKANANDA LIBRARY | VIVEKANANDA LIBRARY | 05/11/2019 | 2 | 342 U1A(11) | 376554 | 03/01/2026 | Books | ||||
| VIVEKANANDA LIBRARY | VIVEKANANDA LIBRARY | 05/11/2019 | 2 | 342 U1A(11) | 376555 | 23/12/2025 | Books | ||||
| VIVEKANANDA LIBRARY | VIVEKANANDA LIBRARY | 05/11/2019 | 1 | 342 U1A(11) | 376556 | 10/10/2024 | Books | ||||
| VIVEKANANDA LIBRARY | VIVEKANANDA LIBRARY | 05/11/2019 | 3 | 342 U1A(11) | 376557 | 27/12/2024 | Books | ||||
| VIVEKANANDA LIBRARY | VIVEKANANDA LIBRARY | 05/11/2019 | 2 | 342 U1A(11) | 376558 | 16/12/2023 | Books |
